1. Uluslararası Eskişehir Şiir Buluşması : 21-24 Nisan 2011, Eskişehir = (Record no. 5285)

MARC details
000 -BAŞLIK
Sabit Uzunlukta Kontrol Alanı 01102na a2200301 4500
001 - KONTROL NUMARASI
Denetim Alanı 15969
003 - KONTROL NUMARASI IDENTIFIER
Denetim Alanı MIRAKIL
005 - SON İŞLEM TARİHİ VE ZAMANI
Denetim Alanı 20181213155032.0
008 - SABİT-BOY VERİ ELEMANLARI - GENEL BİLGİLER
Sabit Uzunlukta Kontrol Alanı 161001b tu 000 0
020 ## - ULUSLARARASI STANDART KİTAP NUMARASI
Uluslararası Standart Kitap Numarası 9786056214400
035 ## - SİSTEM KONTROL NUMARASI
Sistem Kontrol Numarası 15969
040 ## - KATALOGLAMA KAYNAK
Orijinal Kataloglama Ajansı Milas
Kataloglama Dili tur
Metne Dönüştürmek Ajansı TR-AnCHP
041 ## - DİL KODU
Metin / Ses Parça Veya Ayrı Başlığın Dil Kodu tur
082 ## - DEWEY ONLU SINIFLANDIRMA NUMARASI
Sınıflandırma Numarası 809.89
Ürün Numarası U48n 2011
090 ## - SINIFLAMA NUMARASI
Sınıflama Numarası 809.89 U48n 2011
111 ## - ANA GİRİŞ - TOPLANTI ADI
Giriş Elemanı Olarak Toplantı Adı Veya Yargı Alanı Adı Uluslararası Eskişehir Şiir Buluşması
Toplantının Yeri Eskişehir
Toplantı Veya Antlaşma İmzalandığı Tarihi 2011
Bölüm / Bölüm / Toplantı Sayısı 1
245 ## - BAŞLIK TABLOSU
Başlık 1. Uluslararası Eskişehir Şiir Buluşması : 21-24 Nisan 2011, Eskişehir =
Başlığın Kalan = 1. International Eskişehir Poetry Festival: 21-24 April 2011
Sorumluluk Tablosu, Vb Yayına hazırlayan: Uğurcan Usgül
246 ## - UNVAN FORM VARYING
Başlık Doğru / Kısa Başlığı Eskişehir Şiir Buluşması
246 ## - UNVAN FORM VARYING
Başlık Doğru / Kısa Başlığı 1. International Eskişehir Poetry Festival: 21-24 April 2011
250 ## - EDITION TABLOSU
Baskı Beyanı 1.basım
260 ## - YAYIN, DAĞITIM, VB
Yayın, Dağıtım, Vb Yeri Eskişehir
Yayıncı, Dağıtıcı, Vs Adı Eskişehir Tepebaşı Belediyesi
Yayın, Dağıtım, Vb Tarihi 2011
300 ## - FİZİKSEL TANIM
Kapsam 145 s.
Diğer Fiziksel Ayrıntıları res.
Boyutlar 18 x 20 sm.
650 ## - KONU KATMA GİRİŞ - TOPİKAL DÖNEM
Topikal Süreli Veya Coğrafi Ad Giriş Elemanı Türk şairler
Genel Alt Bölümü Yaşamöyküsü
650 ## - KONU KATMA GİRİŞ - TOPİKAL DÖNEM
Topikal Süreli Veya Coğrafi Ad Giriş Elemanı Türk edebiyatı
Genel Alt Bölümü Şiir
Kronolojik Alt Bölümü Toplantılar
650 ## - KONU KATMA GİRİŞ - TOPİKAL DÖNEM
Topikal Süreli Veya Coğrafi Ad Giriş Elemanı Türkçe şiir
Genel Alt Bölümü Festival
Kronolojik Alt Bölümü Seçkiler
942 ## - EKLENDİ GİRİŞ ELEMANLARI (KOHA)
Sınıflandırma Veya Raf Düzeni Kaynak Dewey Decimal Classification
Koha Öğesi Türü Books
999 ## - SİSTEM KONTROL NUMARALARI (KOHA)
Koha Biblionumber 5285
Koha Biblioitemnumber 5285
657 ## - INDEX SÜRE - İŞLEVİ
-- Şiirlerden seçkiler
Holdings
Kalıcı Konum Mevcut Konum Edinme Tarihi Edinim Kaynak Toplam Check-Out'Lar Tam Çağrı Numarası Barkod Tarih Son Görülme İtibaren Geçerli Fiyatlar Koha Öğesi Türü
CHP Kütüphanesi CHP Kütüphanesi 09/28/2016 Bağış   809.89 U48n 2011 004264 09/28/2016 09/28/2016 Books